Normal view
MARC view
- A Sudhakar
Entry Personal Name
001 - CONTROL NUMBER
- control field: 102914
003 - CONTROL NUMBER IDENTIFIER
- control field: NUST
005 - DATE AND TIME OF LATEST TRANSACTION
- control field: 20221117144218.0
008 - FIXED-LENGTH DATA ELEMENTS
- fixed length control field: 221117|| aca||aabn | a|a d
040 ## - CATALOGING SOURCE
- Original cataloging agency: NUST
- Transcribing agency: NUST
100 ## - HEADING--PERSONAL NAME
- Personal name: A Sudhakar
670 ## - SOURCE DATA FOUND
- Source citation: Work cat.: (NUST): A Sudhakar, Network Analysis, 2003
